000 00312 a2200157 4500
001 58662
020 _a8526216481
040 _cAnchieta - Pituba
100 _aBarreto, Lima
240 1 0 _aFutebol
_lpor
245 1 0 _aFutebol
300 _a88
362 0 _a1990
650 4 _aFicção brasileira
942 _cBK
999 _c58662
_d58662